[Event "Antioquia op"]
[Site "Medellin"]
[Date "2014.04.06"]
[Round "5"]
[White "Lopez, Juan D"]
[Black "Cardona, Jeyson"]
[Result "0-1"]
[WhiteElo "1972"]
[BlackElo "1964"]
[PlyCount "40"]
[EventDate "2014.04.03"]
[EventType "swiss"]
[EventRounds "7"]
[EventCountry "COL"]
[SourceTitle "CBM 159 Extra"]
[Source "ChessBase"]
[SourceDate "2014.04.24"]
[SourceVersion "1"]
[SourceVersionDate "2014.04.24"]
[SourceQuality "1"]

1. e4 e5 2. Nf3 Nc6 3. Bc4 Bc5 4. c3 Qe7 5. 0-0 d6 6. d4 Bb6 7. h3 Nf6 8. Bg5 h6 9. Bh4 g5 10. Bg3 g4 11. hxg4 Bxg4 12. d5 Nxe4 13. dxc6 Nxg3 14. cxb7 Rb8 15. Bb5+ Kf8 16. Nbd2 Nxf1 17. Nxf1 e4 18. Qa4 Bxf3 19. gxf3 Qg5+ 20. Kh2 Qh5+ 0-1

[Event "Antioquia op"]
[Site "Medellin"]
[Date "2014.04.03"]
[Round "1"]
[White "Lopez, Juan D"]
[Black "Toro Castaneda, Miguel Angel"]
[Result "1-0"]
[WhiteElo "1972"]
[BlackElo "1345"]
[PlyCount "49"]
[EventDate "2014.04.03"]
[EventType "swiss"]
[EventRounds "7"]
[EventCountry "COL"]
[SourceTitle "CBM 159 Extra"]
[Source "ChessBase"]
[SourceDate "2014.04.24"]
[SourceVersion "1"]
[SourceVersionDate "2014.04.24"]
[SourceQuality "1"]

1. e4 e5 2. Nf3 Nc6 3. d4 exd4 4. Bc4 Nf6 5. e5 d5 6. Bb5 Ne4 7. Nxd4 Bd7 8. Nxc6 bxc6 9. Bd3 Bc5 10. 0-0 0-0 11. Nc3 Nxc3 12. bxc3 Re8 13. Bf4 Be6 14. Qh5 h6 15. Bxh6 gxh6 16. Qxh6 f5 17. exf6 Qd7 18. Rae1 Bg4 19. h3 Bxh3 20. gxh3 Qf7 21. Rxe8+ Rxe8 22. Kh1 Bxf2 23. Rxf2 Re1+ 24. Kh2 Qf8 25. Qh7# 1-0

[Event "Medellin de Segunda Cat. Antioquia"]
[Site "Medellin"]
[Date "2014.03.27"]
[Round "6.8"]
[White "Lopez, Juan D"]
[Black "Toro Castaneda, Elizabeth"]
[Result "1-0"]
[WhiteElo "1985"]
[BlackElo "1646"]
[PlyCount "87"]
[EventDate "2014.03.19"]
[EventType "swiss"]
[EventRounds "7"]
[EventCountry "COL"]
[SourceTitle "EXT 2024"]
[Source "ChessBase"]
[SourceDate "2023.10.10"]
[SourceVersion "1"]
[SourceVersionDate "2023.10.10"]
[SourceQuality "1"]

1. e4 e5 2. Nf3 Nc6 3. d4 exd4 4. Bc4 Nf6 5. e5 d5 6. Bb5 Ne4 7. 0-0 Bg4 8. Qxd4 Bxf3 9. gxf3 Ng5 10. Qg4 Ne6 11. c4 d4 12. f4 a6 13. Ba4 Nc5 14. Bd1 Qd7 15. Qg2 h5 16. Bf3 0-0-0 17. Rd1 Nb4 18. Nc3 Qf5 19. Ne4 Rh6 20. Ng3 Qh7 21. f5 Rb6 22. Bxh5 g6 23. fxg6 fxg6 24. Bg4+ Kb8 25. a3 Nbd3 26. b4 Nb3 27. Rxd3 Nxa1 28. f3 Bh6 29. Bxh6 Qxh6 30. Qb2 Rh8 31. Nf1 Qf4 32. Qxa1 Qxe5 33. Qxd4 Qxd4+ 34. Rxd4 Re8 35. Kf2 c5 36. bxc5 Rb3 37. Nd2 Rxa3 38. Ne4 Rh8 39. Kg3 Ra1 40. h3 Rc1 41. Kf4 a5 42. Nd6 Rd8 43. Rd2 Kc7 44. Nb5+ 1-0

[Event "Medellin de Segunda Cat. Antioquia"]
[Site "Medellin"]
[Date "2014.03.25"]
[Round "4.3"]
[White "Soto, Miguel Angel"]
[Black "Lopez, Juan D"]
[Result "1-0"]
[WhiteElo "1665"]
[BlackElo "1985"]
[PlyCount "71"]
[EventDate "2014.03.19"]
[EventType "swiss"]
[EventRounds "7"]
[EventCountry "COL"]
[SourceTitle "EXT 2024"]
[Source "ChessBase"]
[SourceDate "2023.10.10"]
[SourceVersion "1"]
[SourceVersionDate "2023.10.10"]
[SourceQuality "1"]

1. e4 c5 2. Nf3 d6 3. d4 cxd4 4. Nxd4 Nf6 5. Nc3 a6 6. f3 e5 7. Nb3 Be6 8. Be3 Be7 9. Qd2 b5 10. g4 Nbd7 11. 0-0-0 Nb6 12. g5 Nfd7 13. Nd5 Bxd5 14. exd5 Rc8 15. Kb1 Nc4 16. Bxc4 bxc4 17. Nc1 Qc7 18. c3 Nc5 19. Bxc5 Qxc5 20. f4 0-0 21. f5 f6 22. h4 fxg5 23. hxg5 Rxf5 24. Qh2 Rxg5 25. Qxh7+ Kf7 26. Qh3 Bf6 27. Rdf1 Re8 28. Qd7+ Re7 29. Rxf6+ gxf6 30. Rh7+ Kg6 31. Rxe7 Qxd5 32. Rg7+ Kh6 33. Rh7+ Kg6 34. Rh4 Qf7 35. Rh6+ Kxh6 36. Qxf7 1-0

[Event "COL-ch sf"]
[Site "Medellin"]
[Date "2014.??.??"]
[Round "9"]
[White "Lopez, Juan D"]
[Black "Buitrago, Juan Carlos"]
[Result "1-0"]
[WhiteElo "1972"]
[BlackElo "2144"]
[PlyCount "51"]
[EventDate "2014.04.15"]
[EventType "swiss"]
[EventRounds "11"]
[EventCountry "COL"]
[SourceTitle "CBM 160 Extra"]
[Source "ChessBase"]
[SourceDate "2014.07.01"]
[SourceVersion "1"]
[SourceVersionDate "2014.07.01"]
[SourceQuality "1"]

1. e4 e5 2. Nf3 Nc6 3. d4 exd4 4. Bc4 Nf6 5. e5 d5 6. Bb5 Ne4 7. Nxd4 Bc5 8. Be3 Bd7 9. Bxc6 bxc6 10. 0-0 0-0 11. f3 Ng5 12. Qd2 Ne6 13. Bf2 Qg5 14. Qxg5 Nxg5 15. Nc3 Bxd4 16. Bxd4 Ne6 17. Bf2 h5 18. Rad1 Rfe8 19. Rfe1 Rab8 20. b3 Bc8 21. Ne2 a6 22. Nd4 Nxd4 23. Rxd4 Ra8 24. Rh4 g6 25. Ra4 Re6 26. Bh4 1-0

[Event "Medellin op Experts"]
[Site "Medellin"]
[Date "2011.04.22"]
[Round "5.12"]
[White "Caro, Emilio"]
[Black "Lopez, Juan D"]
[Result "1-0"]
[WhiteElo "1835"]
[BlackElo "1931"]
[PlyCount "63"]
[EventDate "2011.04.20"]
[EventType "swiss"]
[EventRounds "9"]
[EventCountry "COL"]
[SourceTitle "EXT 2024"]
[Source "ChessBase"]
[SourceDate "2023.10.10"]
[SourceVersion "1"]
[SourceVersionDate "2023.10.10"]
[SourceQuality "1"]

1. e4 c5 2. c3 d5 3. exd5 Qxd5 4. d4 e5 5. Nf3 cxd4 6. cxd4 Bg4 7. Qa4+ Bd7 8. Nc3 Qxd4 9. Qb3 Qb4 10. Qxb4 Bxb4 11. Nxe5 Be6 12. Bd2 Nd7 13. Nd3 Ba5 14. Nf4 Bf5 15. Bc4 Ngf6 16. 0-0 0-0 17. Nfd5 Bd8 18. Bf4 Rc8 19. Bb3 Nc5 20. Bd6 Re8 21. Bxc5 Rxc5 22. Ne3 Bg6 23. Rfd1 Ba5 24. Ned5 Ne4 25. Nxe4 Bxe4 26. Ne3 Bc6 27. Rd4 Bc7 28. Rad1 h6 29. g3 Bf3 30. Rb1 Be5 31. Rd7 Rec8 32. Rxf7 1-0